[Event "Pere Noel"]
[Site "Montreal CAN"]
[Date "1999.12.27"]
[Round "2"]
[White "Deschamps, Felix"]
[Black "Marcone, Malcom"]
[Result "0-1"]
[WhiteElo "2000"]
[BlackElo "1910"]
[PlyCount "78"]
[GameId "2160767911741680"]
[EventDate "1999.12.26"]
[EventType "swiss"]
[EventRounds "5"]
[EventCountry "CAN"]

1. e4 e6 2. d4 d5 3. Nc3 Bb4 4. exd5 exd5 5. Bd3 Ne7 6. Nge2 O-O 7. O-O c6 8. Ng3 b6 9. Qh5 Ng6 10. f4 Re8 11. f5 Nf8 12. f6 g6 13. Qh4 Ne6 14. Nce2 Ba6 15. Bxa6 Nxa6 16. Qg4 Kh8 17. h4 Rg8 18. h5 Bd6 19. Qf3 c5 20. c3 cxd4 21. cxd4 Nb4 22. Bh6 Bf8 23. Bxf8 Nxf8 24. Nf4 g5 25. Nfe2 Ne6 26. Rfd1 Rc8 27. a3 Nc6 28. Rac1 Ncxd4 29. Nxd4 Rxc1 30. Nxe6 Rxd1+ 31. Qxd1 fxe6 32. Qd4 h6 33. Qe5 Qb8 34. Qxe6 Qe8 35. Qf5 Qf7 36. b3 Rf8 37. a4 Qxf6 38. Qxd5 Rd8 39. Qe4 Qd4+ 0-1

[Event "Pere Noel"]
[Site "Montreal CAN"]
[Date "1999.12.27"]
[Round "2"]
[White "Esterez, Emmanuel"]
[Black "Dominique, Vladimir"]
[Result "0-1"]
[WhiteElo "1950"]
[BlackElo "1805"]
[PlyCount "134"]
[GameId "2160767911741681"]
[EventDate "1999.12.26"]
[EventType "swiss"]
[EventRounds "5"]
[EventCountry "CAN"]

1. e4 c5 2. Nc3 Nc6 3. f4 d6 4. Nf3 Nf6 5. h3 e6 6. Bb5 Bd7 7. d3 Qc7 8. O-O Be7 9. Qe1 Nd4 10. Bxd7+ Nxd7 11. Qf2 Nxf3+ 12. Qxf3 a6 13. f5 Ne5 14. Qf2 O-O 15. g4 Qd8 16. Bf4 Bg5 17. Bxe5 dxe5 18. fxe6 fxe6 19. Qxf8+ Qxf8 20. Rxf8+ Rxf8 21. Rf1 b5 22. Rxf8+ Kxf8 23. Kf2 Ke7 24. Ne2 Kd6 25. Kg3 Be3 26. Kh4 Ke7 27. g5 Kf7 28. Kg4 Kg6 29. h4 h5+ 30. Kf3 Bd2 31. Kf2 Kf7 32. c3 g6 33. a3 Ke7 34. c4 b4 35. axb4 Bxb4 36. Nc1 a5 37. Ke2 a4 38. Kd1 Kd7 39. Ne2 Ke7 40. Ng1 a3 41. bxa3 Bxa3 42. Kc2 Bb4 43. Nf3 Kd6 44. Kb2 Ba5 45. Kb3 Bb4 46. Ka4 Bc3 47. Kb5 Bb2 48. Kb6 Bc3 49. Kb7 Kd7 50. Kb6 Kd6 51. Kb5 Bb4 52. d4 exd4 53. Nxd4 cxd4 54. Kxb4 e5 55. c5+ Kc7 56. Kb3 Kb7 57. Ka4 Kc6 58. Kb4 d3 59. Kc3 Kxc5 60. Kxd3 Kb4 61. Ke2 Kc4 62. Ke3 Kc3 63. Ke2 Kd4 64. Kf3 Kd3 65. Kf2 Kxe4 66. Ke2 Kf4 67. Kd3 Kf3 0-1

[Event "Pere Noel"]
[Site "Montreal CAN"]
[Date "1999.12.27"]
[Round "2"]
[White "Fillion, Steve"]
[Black "Soudre, Nicolas"]
[Result "1/2-1/2"]
[WhiteElo "2108"]
[BlackElo "2219"]
[PlyCount "49"]
[GameId "2160767911741682"]
[EventDate "1999.12.26"]
[EventType "swiss"]
[EventRounds "5"]
[EventCountry "CAN"]

1. d4 e6 2. c4 Nf6 3. Nf3 d5 4. Nc3 Be7 5. Bg5 O-O 6. e3 c6 7. Qc2 Ne4 8. Bxe7 Qxe7 9. Nxe4 dxe4 10. Nd2 f5 11. f3 exf3 12. Nxf3 Nd7 13. Bd3 g6 14. O-O-O e5 15. e4 fxe4 16. Bxe4 exd4 17. Nxd4 Ne5 18. Rhe1 Qg5+ 19. Kb1 Bg4 20. Rd2 Rad8 21. h3 Bc8 22. Red1 Rf4 23. Nf3 Rxd2 24. Qxd2 Nxf3 25. Bxf3 1/2-1/2

[Event "Pere Noel"]
[Site "Montreal CAN"]
[Date "1999.12.27"]
[Round "2"]
[White "Gagnon, Michel"]
[Black "Neacsu, Catalin"]
[Result "1-0"]
[WhiteElo "2186"]
[BlackElo "2035"]
[PlyCount "89"]
[GameId "2160767911741683"]
[EventDate "1999.12.26"]
[EventType "swiss"]
[EventRounds "5"]
[EventCountry "CAN"]

1. d4 Nf6 2. Nf3 d5 3. e3 c5 4. b3 cxd4 5. exd4 Nc6 6. Bd3 g6 7. O-O Bg7 8. Re1 O-O 9. c3 Bg4 10. Nbd2 Rc8 11. h3 Bxf3 12. Nxf3 Nd7 13. Bf4 Re8 14. Rc1 a6 15. Qd2 e5 16. dxe5 Ndxe5 17. Nxe5 Nxe5 18. Bf1 Qd7 19. Bg3 h6 20. f4 Nc6 21. Bf2 Rxe1 22. Rxe1 Re8 23. Rxe8+ Qxe8 24. g3 Qe4 25. Bg2 Qb1+ 26. Kh2 Qa1 27. Bxd5 Qxc3 28. Qe2 Qf6 29. Qe8+ Bf8 30. Bc5 Qb2+ 31. Bg2 Qg7 32. b4 h5 33. h4 Qh6 34. a4 Qg7 35. b5 axb5 36. axb5 Nd4 37. b6 Ne6 38. Bxf8 Qxf8 39. Qd7 Qb4 40. Qxb7 Nxf4 41. Qb8+ Kh7 42. gxf4 Qe7 43. Qe5 Qxh4+ 44. Kg1 f6 45. Qe3 1-0

[Event "Pere Noel"]
[Site "Montreal CAN"]
[Date "1999.12.27"]
[Round "2"]
[White "Laframboise, Marc-Andre"]
[Black "Larochelle, Martial"]
[Result "1-0"]
[WhiteElo "2030"]
[BlackElo "2177"]
[PlyCount "81"]
[GameId "2160767911741684"]
[EventDate "1999.12.26"]
[EventType "swiss"]
[EventRounds "5"]
[EventCountry "CAN"]

1. d4 d5 2. c4 Nc6 3. Nc3 Nf6 4. cxd5 Nxd5 5. e4 Nxc3 6. bxc3 e5 7. d5 Nb8 8. Nf3 Nd7 9. Be2 Bd6 10. O-O O-O 11. Qc2 Nc5 12. Be3 Qe7 13. Nd2 f5 14. Bxc5 Bxc5 15. exf5 Bxf5 16. Bd3 Bxd3 17. Qxd3 Rad8 18. Ne4 c6 19. c4 Bd4 20. Rad1 cxd5 21. cxd5 Rxd5 22. Qb3 Qf7 23. Rd3 Ra5 24. Qb1 h6 25. Rf3 Qd5 26. Rxf8+ Kxf8 27. Rc1 Bb6 28. Rc8+ Ke7 29. h3 Qxa2 30. Qb4+ Kd7 31. Rc4 Qa3 32. Qd2+ Ke6 33. Qe2 Qf8 34. Rc8 Qf5 35. Qc4+ Kd7 36. Qd3+ Kxc8 37. Nd6+ Kc7 38. Nxf5 Bc5 39. Nxg7 b6 40. Ne6+ Kc6 41. h4 1-0

[Event "Pere Noel"]
[Site "Montreal CAN"]
[Date "1999.12.27"]
[Round "2"]
[White "Lipnowski, Samuel"]
[Black "Roussel-Roozmon, Thomas"]
[Result "0-1"]
[WhiteElo "2030"]
[BlackElo "1925"]
[PlyCount "80"]
[GameId "2160767911741685"]
[EventDate "1999.12.26"]
[EventType "swiss"]
[EventRounds "5"]
[EventCountry "CAN"]

1. e4 e5 2. Nf3 Nc6 3. Bb5 a6 4. Ba4 Nf6 5. O-O Nxe4 6. d4 b5 7. Bb3 d5 8. dxe5 Be6 9. Be3 Be7 10. Nbd2 Nc5 11. Qe2 d4 12. Bf4 d3 13. cxd3 Qxd3 14. Qxd3 Nxd3 15. Bxe6 fxe6 16. Bg3 O-O-O 17. Rab1 Rd5 18. Rfd1 Ncxe5 19. Nxe5 Nxe5 20. Nf1 Rxd1 21. Rxd1 Nc4 22. b3 Nd6 23. Re1 Kd7 24. Nd2 Bf6 25. Nf3 Rc8 26. Rd1 Ke7 27. Kf1 Ne4 28. Bf4 Nc3 29. Rd2 Nd5 30. Bg3 c5 31. Be5 c4 32. bxc4 bxc4 33. Bxf6+ gxf6 34. a3 c3 35. Rc2 Rb8 36. Nd4 Rb1+ 37. Ke2 Ra1 38. Kd3 Rxa3 39. Rc1 Ra2 40. Ne2 Rd2+ 0-1

[Event "Pere Noel"]
[Site "Montreal CAN"]
[Date "1999.12.27"]
[Round "2"]
[White "Mongeau, Diane"]
[Black "Brodie, Hugh"]
[Result "0-1"]
[WhiteElo "1963"]
[BlackElo "1902"]
[PlyCount "116"]
[GameId "2160767911741686"]
[EventDate "1999.12.26"]
[EventType "swiss"]
[EventRounds "5"]
[EventCountry "CAN"]

1. d4 e6 2. Nf3 f5 3. c4 Nf6 4. g3 b6 5. Bg2 Bb7 6. O-O Be7 7. Nc3 O-O 8. b3 Ne4 9. Bb2 d6 10. Nd2 Nxc3 11. Bxc3 Bxg2 12. Kxg2 Nd7 13. e4 Bf6 14. exf5 exf5 15. Qf3 g6 16. Rae1 Re8 17. Qd5+ Kg7 18. b4 Nf8 19. Qb7 Qd7 20. Rxe8 Rxe8 21. Nf3 c6 22. Qxd7+ Nxd7 23. Re1 Rxe1 24. Bxe1 d5 25. cxd5 cxd5 26. b5 Nf8 27. Bc3 Ne6 28. Kf1 Kf7 29. Ke2 Nc7 30. a4 a6 31. bxa6 Nxa6 32. Kd3 Ke6 33. Kc2 Kd6 34. Ne5 Bxe5 35. dxe5+ Kc6 36. Bd4 Nc7 37. Kb3 Ne6 38. Be3 d4 39. Bc1 Kd5 40. f4 Nc5+ 41. Ka3 d3 42. Kb4 Ne4 43. Kb5 Nc3+ 44. Kxb6 Nxa4+ 45. Kc7 Nc5 46. Kd8 Ke6 47. Ke8 Nb3 48. Be3 d2 49. Bxd2 Nxd2 50. Kf8 Nf1 51. Kg7 Nxh2 52. Kxh7 Nf1 53. Kxg6 Nxg3 54. Kh6 Ne2 55. Kg5 Nd4 56. Kg6 Kd5 57. Kh5 Ke4 58. Kg5 Ne6+ 0-1

[Event "Pere Noel"]
[Site "Montreal CAN"]
[Date "1999.12.27"]
[Round "2"]
[White "Moss, Laurent"]
[Black "Tessier, Olivier"]
[Result "0-1"]
[WhiteElo "2087"]
[BlackElo "1924"]
[PlyCount "128"]
[GameId "2160767911741687"]
[EventDate "1999.12.26"]
[EventType "swiss"]
[EventRounds "5"]
[EventCountry "CAN"]

1. d4 Nf6 2. Nf3 c5 3. d5 e6 4. Nc3 exd5 5. Nxd5 Nxd5 6. Qxd5 Be7 7. e4 O-O 8. Bc4 Nc6 9. O-O d6 10. Qh5 Qe8 11. Ng5 Bxg5 12. Bxg5 h6 13. Bxh6 Qxe4 14. Bxg7 Kxg7 15. Bd3 Qg4 16. Qh7+ Kf6 17. Rae1 Be6 18. h3 Qg7 19. Qe4 Ke7 20. f4 Kd8 21. f5 Bd7 22. f6 Qg5 23. Bb5 Re8 24. Qh7 Rxe1 25. Rxe1 Qxf6 26. Qg8+ Kc7 27. Qxa8 Qxb2 28. Bxc6 Bxc6 29. Qg8 Qxa2 30. Re7+ Kb6 31. Qxf7 Qxc2 32. Qf2 Qc1+ 33. Re1 Qg5 34. Qb2+ Kc7 35. Qf2 Qg7 36. g4 Qc3 37. Qf7+ Bd7 38. Qf1 Qg3+ 39. Qg2 Qxe1+ 40. Kh2 Qe5+ 41. Kg1 Bc6 42. Qf2 Qd4 43. g5 Kd7 44. Kf1 Qxf2+ 45. Kxf2 Ke6 46. Kg3 c4 47. h4 Kf5 48. g6 Kxg6 49. h5+ Kxh5 50. Kf4 Kg6 51. Ke3 Kf5 52. Kd4 b5 53. Kc3 d5 54. Kd4 b4 55. Ke3 Ke5 56. Kd2 Kd4 57. Kc2 c3 58. Kb3 a5 59. Kc2 Ba4+ 60. Kc1 Kd3 61. Kb1 c2+ 62. Kb2 Kd2 63. Ka2 Bb3+ 64. Kxb3 c1=Q 0-1

[Event "Pere Noel"]
[Site "Montreal CAN"]
[Date "1999.12.27"]
[Round "2"]
[White "Newman, Doug"]
[Black "Vallieres, Mario"]
[Result "1/2-1/2"]
[WhiteElo "1914"]
[BlackElo "2021"]
[PlyCount "75"]
[GameId "2160767911741688"]
[EventDate "1999.12.26"]
[EventType "swiss"]
[EventRounds "5"]
[EventCountry "CAN"]

1. d4 f5 2. c4 e6 3. Nc3 Bb4 4. Qc2 Nf6 5. a3 Bxc3+ 6. Qxc3 O-O 7. g3 Ne4 8. Qc2 c5 9. dxc5 Nxc5 10. Bg2 a5 11. Nf3 Nc6 12. O-O Qc7 13. Rd1 b6 14. Bf4 Qa7 15. b4 axb4 16. axb4 Qxa1 17. Rxa1 Rxa1+ 18. Bf1 Ne4 19. Qb2 Ra4 20. b5 Na5 21. e3 d6 22. Qc2 Ra3 23. Ng5 Nxg5 24. Bxg5 Bb7 25. Be7 Rc8 26. Bxd6 Be4 27. Qd1 Rb3 28. Qd4 Rb1 29. Be5 Nxc4 30. Bxg7 Nd2 31. Qxd2 Rcc1 32. Qd8+ Kxg7 33. Qe7+ Kg6 34. Qxe6+ Kg5 35. Qe7+ Kg6 36. Qe6+ Kg7 37. Qe7+ Kg8 38. Qe8+ 1/2-1/2

[Event "Pere Noel"]
[Site "Montreal CAN"]
[Date "1999.12.27"]
[Round "2"]
[White "Pnevmonidis, Pantelis"]
[Black "Champetier, Serge"]
[Result "0-1"]
[WhiteElo "2152"]
[BlackElo "1986"]
[PlyCount "68"]
[GameId "2160767911741689"]
[EventDate "1999.12.26"]
[EventType "swiss"]
[EventRounds "5"]
[EventCountry "CAN"]

1. e4 d6 2. c4 c5 3. Nc3 Nc6 4. Nge2 g6 5. d3 Bg7 6. g3 Bg4 7. Bg2 Nd4 8. h3 Bd7 9. O-O e6 10. Rb1 Ne7 11. Nxd4 cxd4 12. Ne2 a5 13. b3 O-O 14. f4 Nc6 15. Bd2 f5 16. Kh2 e5 17. a3 Be6 18. Nc1 fxe4 19. dxe4 a4 20. Qc2 axb3 21. Rxb3 Na5 22. Bxa5 Rxa5 23. Nd3 Qc7 24. Nb2 b5 25. Rc1 bxc4 26. Nxc4 Rc5 27. Rb4 Rc8 28. Bf1 exf4 29. gxf4 d5 30. exd5 Qxf4+ 31. Kh1 Bxd5+ 32. Bg2 Bxg2+ 33. Kxg2 d3 34. Qb3 Rg5+ 0-1

[Event "Pere Noel"]
[Site "Montreal CAN"]
[Date "1999.12.27"]
[Round "2"]
[White "Prahov, Valentin"]
[Black "Vandal, Eric"]
[Result "1/2-1/2"]
[WhiteElo "2261"]
[BlackElo "1521"]
[PlyCount "106"]
[GameId "2160767911741690"]
[EventDate "1999.12.26"]
[EventType "swiss"]
[EventRounds "5"]
[EventCountry "CAN"]

1. e4 e5 2. Nf3 Nc6 3. Bb5 a6 4. Ba4 Nf6 5. O-O Be7 6. Re1 b5 7. Bb3 O-O 8. c3 d6 9. h3 Nb8 10. a4 Bb7 11. d3 Nbd7 12. Nbd2 Nc5 13. Bc2 Re8 14. Nf1 Bf8 15. g4 d5 16. d4 exd4 17. e5 d3 18. Bxd3 Nxd3 19. Qxd3 Ne4 20. axb5 axb5 21. Rxa8 Qxa8 22. Qxb5 c5 23. Qe2 Rd8 24. Ng5 Nxg5 25. Bxg5 Re8 26. Qd2 d4 27. cxd4 cxd4 28. Qxd4 Bh1 29. Ne3 Qf3 30. Qf4 Qxh3 31. Qh2 Qxh2+ 32. Kxh2 Bb7 33. Bf4 Bc5 34. Kg3 Rd8 35. Rd1 Rxd1 36. Nxd1 Bd4 37. g5 Kf8 38. b4 Ke7 39. Ne3 Bxe3 40. Bxe3 f6 41. Kf4 fxe5+ 42. Kxe5 Bf3 43. b5 Kd7 44. b6 Bb7 45. f4 g6 46. Kf6 Be4 47. Kg7 Kc6 48. Kxh7 Kb7 49. Kg7 Bf5 50. Kf6 Bb1 51. Ke5 Bf5 52. Bf2 Bb1 53. f5 Bxf5 1/2-1/2

[Event "Pere Noel"]
[Site "Montreal CAN"]
[Date "1999.12.27"]
[Round "2"]
[White "Reddy, Tyler"]
[Black "Mikanovic, Goran"]
[Result "0-1"]
[WhiteElo "2119"]
[BlackElo "2314"]
[PlyCount "78"]
[GameId "2160767911741691"]
[EventDate "1999.12.26"]
[EventType "swiss"]
[EventRounds "5"]
[EventCountry "CAN"]

1. c4 c5 2. g3 g6 3. Bg2 Bg7 4. Nc3 Nc6 5. e3 Nf6 6. Nge2 O-O 7. O-O d6 8. d4 Bf5 9. b3 Qc8 10. Re1 Nb4 11. e4 Bg4 12. f3 Bd7 13. Nd5 Nfxd5 14. exd5 cxd4 15. Nxd4 Bxd4+ 16. Qxd4 Nc2 17. Qc3 Nxe1 18. Bh6 Nxf3+ 19. Bxf3 f6 20. Bxf8 Kxf8 21. Re1 Qc5+ 22. Kg2 a5 23. Qd2 Re8 24. Qh6+ Kg8 25. h4 Qd4 26. Re2 Bf5 27. Rd2 Qc3 28. g4 Bd7 29. h5 g5 30. Re2 Qd3 31. Re1 Qd2+ 32. Re2 Qf4 33. Re4 Qc1 34. Re2 f5 35. gxf5 Bxf5 36. a3 Qf4 37. Kg1 Qxf3 38. Qxg5+ Kh8 39. Rg2 Qxg2+ 0-1

[Event "Pere Noel"]
[Site "Montreal CAN"]
[Date "1999.12.28"]
[Round "3"]
[White "Brodie, Hugh"]
[Black "Reddy, Tyler"]
[Result "0-1"]
[WhiteElo "1902"]
[BlackElo "2119"]
[PlyCount "20"]
[GameId "2160767911741693"]
[EventDate "1999.12.26"]
[EventType "swiss"]
[EventRounds "5"]
[EventCountry "CAN"]

1. e4 e6 2. d4 d5 3. Nc3 Bb4 4. e5 c5 5. Qg4 Ne7 6. Qxg7 Rg8 7. Qxh7 cxd4 8. a3 Qa5 9. Rb1 dxc3 10. axb4 Qa2 0-1

[Event "Pere Noel"]
[Site "Montreal CAN"]
[Date "1999.12.28"]
[Round "3"]
[White "Champetier, Serge"]
[Black "Soudre, Nicolas"]
[Result "1-0"]
[WhiteElo "1986"]
[BlackElo "2219"]
[PlyCount "79"]
[GameId "2160767911741694"]
[EventDate "1999.12.26"]
[EventType "swiss"]
[EventRounds "5"]
[EventCountry "CAN"]

1. e4 e6 2. d4 d5 3. Nc3 Bb4 4. Nge2 dxe4 5. a3 Bxc3+ 6. Nxc3 Nc6 7. Bb5 Nge7 8. Bg5 f6 9. Be3 O-O 10. Qd2 f5 11. O-O-O Nd5 12. Nxd5 exd5 13. Bxc6 bxc6 14. Bf4 Rf7 15. Qc3 Bd7 16. h3 Be8 17. Rdg1 Rb8 18. g4 fxg4 19. Be5 Rxf2 20. Rxg4 Bg6 21. Rhg1 Qd7 22. Kb1 Qf5 23. Qxc6 e3 24. Rxg6 hxg6 25. Qxc7 Qf7 26. Qxb8+ Kh7 27. Qc7 Rf1+ 28. Rxf1 Qxf1+ 29. Ka2 Qf8 30. Bg3 e2 31. Qc3 Qf5 32. Be1 Qe6 33. Qd3 Kh6 34. Kb1 Kh5 35. Kc1 Kh6 36. Kd2 Qb6 37. b3 Qa5+ 38. Kxe2 Qxa3 39. Bd2+ Kh7 40. Kd1 1-0

[Event "Pere Noel"]
[Site "Montreal CAN"]
[Date "1999.12.28"]
[Round "3"]
[White "Dominique, Vladimir"]
[Black "Prahov, Valentin"]
[Result "0-1"]
[WhiteElo "1805"]
[BlackElo "2251"]
[PlyCount "86"]
[GameId "2160767911741695"]
[EventDate "1999.12.26"]
[EventType "swiss"]
[EventRounds "5"]
[EventCountry "CAN"]

1. e4 c5 2. Nf3 a6 3. d4 cxd4 4. Nxd4 Nf6 5. Nc3 e5 6. Nb3 Bb4 7. Qd3 O-O 8. Bg5 h6 9. Bd2 Nc6 10. Be2 Bxc3 11. Bxc3 d5 12. exd5 Nxd5 13. O-O Nf4 14. Qf3 Qg5 15. Bd2 Nxe2+ 16. Qxe2 Qg6 17. Be3 Bf5 18. Rfc1 Rfe8 19. f3 Nb4 20. Nc5 Nxc2 21. Rxc2 Bxc2 22. Nxb7 Rab8 23. Nc5 Rxb2 24. Qxa6 Qxa6 25. Nxa6 Ra8 26. Nc5 Raxa2 27. Rxa2 Rxa2 28. h3 f5 29. f4 exf4 30. Bxf4 g5 31. Be3 f4 32. Bd4 Kf7 33. Kf1 Kg6 34. Kg1 Kf5 35. Kf1 h5 36. Kg1 g4 37. hxg4+ hxg4 38. Kf1 Be4 39. Nxe4 Kxe4 40. Bc5 g3 41. Bb4 Ra1+ 42. Be1 Ke3 43. Kg1 Rxe1# 0-1

[Event "Pere Noel"]
[Site "Montreal CAN"]
[Date "1999.12.28"]
[Round "3"]
[White "Gagnon, Michel"]
[Black "Khassanov, Marat"]
[Result "0-1"]
[WhiteElo "2186"]
[BlackElo "2428"]
[PlyCount "71"]
[GameId "2160767911741696"]
[EventDate "1999.12.26"]
[EventType "swiss"]
[EventRounds "5"]
[EventCountry "CAN"]

1. d4 Nf6 2. Nf3 g6 3. Bg5 Bg7 4. Nbd2 O-O 5. e3 d6 6. Be2 c5 7. c3 cxd4 8. exd4 Nc6 9. O-O h6 10. Bh4 Nh5 11. Re1 g5 12. Bg3 Bf5 13. d5 Nxg3 14. hxg3 Ne5 15. Nd4 Bh7 16. Nc4 Rc8 17. Ne3 a6 18. Qd2 Re8 19. f4 gxf4 20. gxf4 Ng6 21. Bg4 Nxf4 22. Bxc8 Qxc8 23. Rf1 Be5 24. g3 Nh3+ 25. Kh2 Ng5 26. Ndf5 Kh8 27. Qg2 h5 28. Rae1 h4 29. Kg1 hxg3 30. Qh1 e6 31. Nh6 Qd7 32. Qh5 f6 33. Neg4 Rf8 34. Rxe5 dxe5 35. Nxe5 Qg7 36. c4 0-1

[Event "Pere Noel"]
[Site "Montreal CAN"]
[Date "1999.12.28"]
[Round "3"]
[White "Lipnowski, Samuel"]
[Black "Deschamps, Felix"]
[Result "0-1"]
[WhiteElo "2030"]
[BlackElo "2000"]
[PlyCount "76"]
[GameId "2160767911741697"]
[EventDate "1999.12.26"]
[EventType "swiss"]
[EventRounds "5"]
[EventCountry "CAN"]

1. c4 e5 2. g3 d5 3. Bg2 Nf6 4. cxd5 Nxd5 5. Nf3 Nc6 6. O-O Be6 7. d4 exd4 8. Nxd4 Nxd4 9. Qxd4 Nb4 10. Qxd8+ Rxd8 11. Nc3 c6 12. Bf4 Be7 13. Rad1 O-O 14. Bc7 Rc8 15. Bf4 Rfd8 16. a3 Na6 17. b4 Nc7 18. Rxd8+ Bxd8 19. Ne4 Be7 20. Nc5 Bxc5 21. bxc5 Nb5 22. Rb1 Rd8 23. Bf3 Bh3 24. e3 Rd7 25. Be5 Nxa3 26. Ra1 Nb5 27. Bb8 a6 28. Be5 f6 29. Bb2 Rd2 30. Rb1 Be6 31. Ba1 a5 32. Bd1 Kf7 33. Ba4 Bd5 34. h4 Ra2 35. Bd1 a4 36. Kf1 Ke6 37. Bg4+ f5 38. Bd1 g6 0-1

[Event "Pere Noel"]
[Site "Montreal CAN"]
[Date "1999.12.28"]
[Round "3"]
[White "Mikanovic, Goran"]
[Black "Laframboise, Marc-Andre"]
[Result "1-0"]
[WhiteElo "2314"]
[BlackElo "2030"]
[PlyCount "97"]
[GameId "2160767911741698"]
[EventDate "1999.12.26"]
[EventType "swiss"]
[EventRounds "5"]
[EventCountry "CAN"]

1. d4 Nf6 2. c4 g6 3. Nc3 Bg7 4. e4 d6 5. Nf3 O-O 6. Be2 e5 7. O-O Nc6 8. d5 Ne7 9. b4 Nd7 10. a4 f5 11. Ng5 Nf6 12. Bf3 h6 13. Ne6 Bxe6 14. dxe6 c6 15. Ba3 Qc7 16. Qb3 Rad8 17. Rad1 Rfe8 18. c5 dxc5 19. Rd7 Qc8 20. bxc5 Kh8 21. Rd6 fxe4 22. Nxe4 Nf5 23. Rxd8 Rxd8 24. Nd6 Nd4 25. Qc4 Qxe6 26. Qxe6 Nxe6 27. Nf7+ Kg8 28. Nxd8 Nxd8 29. Rd1 Ne6 30. Rb1 Nd8 31. Re1 Nf7 32. Be2 Bf8 33. Bc4 Be7 34. Rxe5 Kf8 35. Re1 Nd7 36. Bxf7 Kxf7 37. Rb1 b6 38. cxb6 axb6 39. Bxe7 Kxe7 40. Kf1 Kd6 41. Rd1+ Ke6 42. Ke2 Nc5 43. Rd4 Ke5 44. Ke3 Na6 45. f4+ Ke6 46. Rd8 c5 47. Rg8 Nb4 48. Rxg6+ Kf5 49. Rxh6 1-0

[Event "Pere Noel"]
[Site "Montreal CAN"]
[Date "1999.12.28"]
[Round "3"]
[White "Moss, Laurent"]
[Black "Newman, Doug"]
[Result "1-0"]
[WhiteElo "2087"]
[BlackElo "1914"]
[PlyCount "59"]
[GameId "2160767911741699"]
[EventDate "1999.12.26"]
[EventType "swiss"]
[EventRounds "5"]
[EventCountry "CAN"]

1. d4 Nf6 2. Nf3 e6 3. Bg5 Be7 4. Nbd2 d5 5. e3 Nbd7 6. Bd3 c5 7. c3 h6 8. Bh4 b6 9. O-O Bb7 10. Ne5 O-O 11. f4 Ne4 12. Bxe7 Qxe7 13. Ndf3 Rfd8 14. Qe1 Nd6 15. Qg3 Nf6 16. Qh3 Nfe4 17. g4 Rac8 18. Qh5 Rc7 19. g5 Nf5 20. Rae1 f6 21. Ng4 hxg5 22. fxg5 fxg5 23. Bxe4 dxe4 24. Nxg5 Qe8 25. Qh7+ Kf8 26. Nxe6+ Qxe6 27. Rxf5+ Rf7 28. Rxf7+ Kxf7 29. Rf1+ Ke8 30. Qxg7 1-0

[Event "Pere Noel"]
[Site "Montreal CAN"]
[Date "1999.12.28"]
[Round "3"]
[White "Pnevmonidis, Pantelis"]
[Black "Plante, Michel"]
[Result "1-0"]
[WhiteElo "2152"]
[BlackElo "1865"]
[PlyCount "109"]
[GameId "2160767911741700"]
[EventDate "1999.12.26"]
[EventType "swiss"]
[EventRounds "5"]
[EventCountry "CAN"]

1. e4 e5 2. Nf3 d6 3. d4 Nf6 4. Nc3 Nbd7 5. Bc4 Be7 6. O-O O-O 7. Qe2 exd4 8. Nxd4 Ne5 9. Bb3 c5 10. Nf5 Bxf5 11. exf5 Qd7 12. f4 Nc6 13. g4 d5 14. g5 c4 15. gxf6 Bc5+ 16. Kh1 cxb3 17. fxg7 Rfe8 18. Qg2 Rad8 19. f6 Qf5 20. axb3 d4 21. Ne2 Qxc2 22. Ng3 Qxg2+ 23. Kxg2 Rd6 24. f5 Nb4 25. Bf4 Rdd8 26. Kf3 Nc2 27. Rac1 d3 28. Ne4 Bb4 29. Nf2 Nd4+ 30. Kg4 Ne2 31. Rc4 Nxf4 32. Kxf4 d2 33. Rd1 a5 34. Ng4 h5 35. Nh6+ Kh7 36. Rxb4 axb4 37. g8=Q+ Rxg8 38. Nxg8 Kxg8 39. Ke3 Kh7 40. Rxd2 Re8+ 41. Kf4 Kh6 42. h4 Re1 43. Rd8 Rf1+ 44. Ke5 Kh7 45. Rf8 Rf3 46. Rxf7+ Kg8 47. Rxb7 Rxb3 48. f7+ Kg7 49. f8=Q+ Kxf8 50. Ke6 Rxb2 51. Rb8+ Kg7 52. f6+ Kh7 53. f7 Re2+ 54. Kd5 Kg7 55. f8=Q+ 1-0

[Event "Pere Noel"]
[Site "Montreal CAN"]
[Date "1999.12.28"]
[Round "3"]
[White "Regnier, Alain"]
[Black "Marcone, Malcom"]
[Result "0-1"]
[WhiteElo "2124"]
[BlackElo "1910"]
[PlyCount "40"]
[GameId "2160767911741701"]
[EventDate "1999.12.26"]
[EventType "swiss"]
[EventRounds "5"]
[EventCountry "CAN"]

1. d4 e6 2. e4 d5 3. Nc3 Bb4 4. e5 Ne7 5. Qg4 c5 6. a3 Qa5 7. Nge2 cxd4 8. axb4 Qxa1 9. Nb5 O-O 10. Nc7 Na6 11. Nxa8 Nxb4 12. Kd1 Na2 13. Qg5 d3 14. cxd3 Bd7 15. Qxe7 Ba4+ 16. Kd2 Nxc1 17. Qa3 Nb3+ 18. Ke3 d4+ 19. Nxd4 Qc1+ 20. Ke4 Nd2+ 0-1

[Event "Pere Noel"]
[Site "Montreal CAN"]
[Date "1999.12.28"]
[Round "3"]
[White "Roussel-Roozmon, Thomas"]
[Black "Fillion, Steve"]
[Result "0-1"]
[WhiteElo "1925"]
[BlackElo "2108"]
[PlyCount "92"]
[GameId "2160767911741702"]
[EventDate "1999.12.26"]
[EventType "swiss"]
[EventRounds "5"]
[EventCountry "CAN"]

1. d4 d5 2. c4 c6 3. Nc3 Nf6 4. Nf3 e6 5. cxd5 exd5 6. Qc2 Nbd7 7. Bg5 Be7 8. e3 O-O 9. Bd3 Re8 10. O-O Nf8 11. Bxf6 Bxf6 12. b4 Bg4 13. Be2 Rc8 14. Qb3 Ne6 15. Rac1 a6 16. a4 Be7 17. Rfd1 Bd6 18. b5 axb5 19. axb5 Ng5 20. Nxg5 Qxg5 21. bxc6 Bh3 22. Bf3 bxc6 23. Ne2 Bd7 24. Ra1 h5 25. Ra7 Rcd8 26. Ra6 Re6 27. Qd3 Rf6 28. e4 dxe4 29. Bxe4 Re8 30. Ra7 Bg4 31. Re1 Bxh2+ 32. Kf1 h4 33. Nc3 g6 34. Rea1 Bg3 35. R7a2 Qf4 36. Qc2 h3 37. gxh3 Bxh3+ 38. Kg1 Bh4 39. f3 Qg3+ 40. Kh1 Be6 41. Ra6 Bg5 42. Qh2 Rxf3 43. Bxf3 Qxf3+ 44. Qg2 Qxc3 45. Qxg5 Bd5+ 46. Kg1 Re1+ 0-1

[Event "Pere Noel"]
[Site "Montreal CAN"]
[Date "1999.12.28"]
[Round "3"]
[White "Tessier, Olivier"]
[Black "Lezaic, Jovan"]
[Result "1-0"]
[WhiteElo "1924"]
[BlackElo "2021"]
[PlyCount "123"]
[GameId "2160767911741703"]
[EventDate "1999.12.26"]
[EventType "swiss"]
[EventRounds "5"]
[EventCountry "CAN"]

1. e4 c5 2. Nf3 Nc6 3. d4 cxd4 4. Nxd4 d6 5. Nc3 Nf6 6. Bb5 Bd7 7. O-O a6 8. Nxc6 bxc6 9. Bd3 h6 10. Ne2 e6 11. f4 Be7 12. c4 Qb6+ 13. Kh1 Ng4 14. Qe1 h5 15. b3 Bf6 16. Rb1 a5 17. Ba3 c5 18. h3 Nh6 19. Nc3 Qc7 20. f5 Bd4 21. Bc1 Ng4 22. fxe6 fxe6 23. Ne2 Nf6 24. Nxd4 cxd4 25. Qg3 Bc6 26. c5 h4 27. Qg6+ Qf7 28. Qxf7+ Kxf7 29. cxd6 e5 30. Rf5 Ke6 31. Bc4+ Kxd6 32. Ba3+ Kc7 33. Rxe5 Rhe8 34. Rg5 Nxe4 35. Rxg7+ Kb6 36. Rg6 Rad8 37. Rc1 Nc3 38. Bf1 Re3 39. Kh2 Rde8 40. Rd6 R8e4 41. b4 axb4 42. Bxb4 Re1 43. Rxe1 Rxe1 44. Bc4 Re4 45. Bxc3 dxc3 46. Bd5 Kc5 47. Rxc6+ Kxd5 48. Rxc3 Ra4 49. a3 Ke5 50. Rb3 Ra8 51. Rb4 Rh8 52. a4 Kf5 53. a5 Kg5 54. Rb5+ Kh6 55. a6 Ra8 56. Ra5 Ra7 57. Kg1 Kg6 58. Kf2 Rf7+ 59. Ke3 Ra7 60. Kf4 Rf7+ 61. Kg4 Rf5 62. Rxf5 1-0